Surveying (Record no. 10442)

000 -LEADER
fixed length control field 00518nam a22002057a 4500
001 - CONTROL NUMBER
control field 10442
003 - CONTROL NUMBER IDENTIFIER
control field BD-DhUET
008 - FIXED-LENGTH DATA ELEMENTS--GENERAL INFORMATION
fixed length control field 150207b xxu||||| |||| 00| 0 eng d
040 ## - CATALOGING SOURCE
Original cataloging agency DLC
Transcribing agency DLC
Modifying agency BD-DhUET
082 ## - DEWEY DECIMAL CLASSIFICATION NUMBER
Classification number 526.9
Item number DAV/1953
100 ## - MAIN ENTRY--PERSONAL NAME
Personal name Davis, Raymond E.
245 ## - TITLE STATEMENT
Title Surveying
Remainder of title theory and Practice
250 ## - EDITION STATEMENT
Edition statement 4th ed.
260 ## - PUBLICATION, DISTRIBUTION, ETC. (IMPRINT)
Place of publication, distribution, etc. New York
Name of publisher, distributor, etc. McGraw Hill
Date of publication, distribution, etc. 1953
300 ## - PHYSICAL DESCRIPTION
Extent xxi, 1021 p.
Other physical details ill.
504 ## - BIBLIOGRAPHY, ETC. NOTE
Bibliography, etc Includes bibliographies
650 #0 - SUBJECT ADDED ENTRY--TOPICAL TERM
Topical term or geographic name as entry element Surveying
700 ## - ADDED ENTRY--PERSONAL NAME
Personal name Foote, Francis S.
942 ## - ADDED ENTRY ELEMENTS (KOHA)
Koha item type General Book
Holdings
Sublocation or collection (holding branch) Piece designation (barcode) Koha item type Price effective from Koha full call number Shelving location Lost status Location (home branch) Copy number Damaged status Koha normalized classification for sorting Source of classification or shelving scheme Withdrawn status Koha date last seen Not for loan Date acquired
Central Library, BUET4431General Book2015-02-07526.9/DAV/1953Circulation section Central Library, BUET1 526_900000000000000_DAV_1953  2015-02-07 2015-02-07
Central Library, BUET38217General Book2015-03-28526.9/DAV/1953Circulation section Central Library, BUET2 526_900000000000000_DAV_1953  2015-03-28 2015-03-28
Central Library, BUET479General Book2015-03-28526.9/DAV/1953Circulation section Central Library, BUET3 526_900000000000000_DAV_1953  2015-03-28 2015-03-28
Central Library, BUET2239General Book2015-04-27526.9/DAV/1953Circulation section Central Library, BUET4 526_900000000000000_DAV_1953  2015-04-27 2015-04-27
Central Library, BUET4430General Book2015-06-29526.9/DAV/1953Reading section Central Library, BUET5 526_900000000000000_DAV_1953  2015-06-29 2015-06-29
Central Library, BUET2237General Book2015-06-30526.9/DAV/1953Reading section Central Library, BUET6 526_900000000000000_DAV_1953  2015-06-30 2015-06-30